书目信息 |
| 题名: |
自私的基因
|
|
| 作者: | 道因斯 著 ;卢允中 , 张岱云 , 王兵 译 | |
| 分册: | ||
| 出版信息: | 长春 吉林人民出版社 1998.10 |
|
| 页数: | 386页 | |
| 开本: | 32开 | |
| 丛书名: | 支点丛书 | |
| 单 册: | ||
| 中图分类: | Q75-49 | |
| 科图分类: | ||
| 主题词: | 分子遗传学 | |
| 电子资源: | ||
| ISBN: | 7-206-03004-1 | |
| 000 | 00754nam0 2200253 45 | |
| 001 | 0210281552 | |
| 005 | 20031219104059.3 | |
| 010 | @a7-206-03004-1@dCNY24.00 | |
| 100 | @a20021028d1998 km y0chiy0120 ea | |
| 101 | 0 | @achi@ceng |
| 105 | @a z 000yy | |
| 200 | 1 | @a自私的基因@AZi Si De Ji Yin@f(英)理查德·道因斯著@F(Ying)Li Cha De·Dao Yin Si Zhu@g卢允中,张岱云,王兵译 |
| 210 | @a长春@c吉林人民出版社@d1998.10 | |
| 215 | @a386页@d32开 | |
| 225 | @a支点丛书 | |
| 410 | @12001 @a支点丛书 | |
| 606 | 0 | @a分子遗传学 |
| 690 | @aQ75-49@v4 | |
| 701 | @a道因斯@4著 | |
| 702 | 0 | @a卢允中@ALu Yun Zhong@4译 |
| 702 | 0 | @a张岱云@AZhang Dai Yun@4译 |
| 702 | 0 | @a王兵@AWang Bing@4译 |
| 801 | @aCN@bTSTC@c20021028 | |
| 905 | @b316624-625@dQ75-49@e28@f2 | |
| 自私的基因/(英)理查德·道因斯著/卢允中,张岱云,王兵译.-长春:吉林人民出版社,1998.10 |
| 386页;32开.-(支点丛书) |
| ISBN 7-206-03004-1:CNY24.00 |
| ● |
| 相关链接 |
|
|
|
|
正题名:自私的基因
索取号:Q75-49/28
 
预约/预借
| 序号 | 登录号 | 条形码 | 馆藏地/架位号 | 状态 | 备注 |
| 1 | 0316624 | 203166242 | 第三借阅区/ [索取号:Q75-49/28] | 在馆 | |
| 2 | 0316625 | 203166251 | 第二样本阅览室/ [索取号:Q75-49/28] | 在馆 | |
| 3 | 0321115 | 203211158 | 第三借阅区/ [索取号:Q75-49/28] | 在馆 | |
| 4 | 0321116 | 203211167 | 第三借阅区/ [索取号:Q75-49/28] | 在馆 | |
| 5 | 0321117 | 203211176 | 第三借阅区/ [索取号:Q75-49/28] | 在馆 | |
| 6 | 0321118 | 203211185 | 第三借阅区/ [索取号:Q75-49/28] | 在馆 | |
| 7 | 0321119 | 203211194 | 第三借阅区/ [索取号:Q75-49/28] | 在馆 |